书目信息 |
| 题名: |
生态理念下的建筑设计创新策略
|
|
| 作者: | 朱国庆 著 | |
| 分册: | ||
| 出版信息: | 北京 中国水利水电出版社 2017.05 |
|
| 页数: | 297页 | |
| 开本: | 24cm | |
| 丛书名: | ||
| 单 册: | ||
| 中图分类: | TU201.5 | |
| 科图分类: | ||
| 主题词: | 生态建筑--建筑设计--研究 | |
| 电子资源: | ||
| ISBN: | 978-7-5170-5440-5 | |
| 000 | 00909nam0 2200217 450 | |
| 001 | 378 | |
| 005 | 20180922092821.99 | |
| 010 | @a978-7-5170-5440-5@dCNY58.00 | |
| 100 | @a20171116d2017 em y0chiy50 ea | |
| 101 | 0 | @achi |
| 102 | @aCN@b110000 | |
| 105 | @aa z 000yy | |
| 200 | 1 | @a生态理念下的建筑设计创新策略@9sheng tai li nian xia de jian zhu she ji chuang xin ce lue@f朱国庆著 |
| 210 | @a北京@c中国水利水电出版社@d2017.05 | |
| 215 | @a297页@c图@d24cm | |
| 330 | @a本书对生态理念下的建筑设计创新策略进行了研究,主要内容包括:生态学理论及建筑生态化背景、生态理念下的建筑认识与探索、建筑设计中的生态技术整合、生态理念下的建筑设计创作原则、生态理念下的建筑设计创作方法、生态理念下的建筑设计创作策略、生态理念下的建筑设计美学导向等。 | |
| 606 | 0 | @a生态建筑@x建筑设计@x研究 |
| 690 | @aTU201.5@v5 | |
| 701 | 0 | @a朱国庆@9zhu guo qing@4著 |
| 801 | 0 | @aCN@b91MARC@c20171116 |
| 905 | @aMuseLib@dTU201.5@e1428 | |
| 生态理念下的建筑设计创新策略/朱国庆著.-北京:中国水利水电出版社,2017.05 |
| 297页:图;24cm |
| ISBN 978-7-5170-5440-5:CNY58.00 |
| 本书对生态理念下的建筑设计创新策略进行了研究,主要内容包括:生态学理论及建筑生态化背景、生态理念下的建筑认识与探索、建筑设计中的生态技术整合、生态理念下的建筑设计创作原则、生态理念下的建筑设计创作方法、生态理念下的建筑设计创作策略、生态理念下的建筑设计美学导向等。 |
| ● |
| 相关链接 |
|
|
|
|
正题名:生态理念下的建筑设计创新策略
索取号:TU201.5/1428
 
预约/预借
| 序号 | 登录号 | 条形码 | 馆藏地/架位号 | 状态 | 备注 |
| 1 | 1119599 | 211195990 | 第二样本阅览室/ [索取号:TU201.5/1428] | 在馆 | |
| 2 | 1119600 | 211196007 | 第三借阅区/ [索取号:TU201.5/1428] | 在馆 | |
| 3 | 1119601 | 211196016 | 第三借阅区/ [索取号:TU201.5/1428] | 在馆 | |
| 4 | 1119602 | 211196025 | 第三借阅区/ [索取号:TU201.5/1428] | 在馆 | |
| 5 | 1119603 | 211196034 | 第三借阅区/ [索取号:TU201.5/1428] | 在馆 |